Primary school management : learning from experience : case studies by primary and middle school headteachers
Αποθηκεύτηκε σε:
| Κύριος συγγραφέας: | |
|---|---|
| Άλλοι συγγραφείς: | |
| Μορφή: | Βιβλίο |
| Γλώσσα: | English |
| Δημοσίευση: |
Oxford :
NFER-Nelson,
1990
|
| Θέματα: | |
| Ετικέτες: |
Προσθήκη ετικέτας
Δεν υπάρχουν, Καταχωρήστε ετικέτα πρώτοι!
|
MARC
| LEADER | 00000nam a2200000 i 4500 | ||
|---|---|---|---|
| 001 | 1/6074 | ||
| 008 | 000609s1990 eng d | ||
| 020 | |a 0-7005-1253-5 | ||
| 035 | |l 10061807 | ||
| 040 | |a GR-MY-UA |b gre |e aacr | ||
| 041 | 0 | |a eng | |
| 082 | 0 | |a 372.1200941 | |
| 100 | 1 | |a Briault, E. W. H. | |
| 245 | 1 | 0 | |a Primary school management : |b learning from experience : case studies by primary and middle school headteachers / |c Eric Briault, Neville West |
| 260 | |a Oxford : |b NFER-Nelson, |c 1990 | ||
| 300 | |a 101 p. | ||
| 650 | 0 | 0 | |a School management and organization |z Great Britain |x Case studies. |
| 650 | 0 | 0 | |a Elementary schools |z Great Britain |x Case studies. |
| 650 | 0 | 0 | |a Middle schools |z Great Britain |x Case studies. |
| 650 | 0 | 0 | |a School principals |z Great Britain |x Case studies. |
| 700 | 1 | |a West, Neville. | |
| 852 | |a INST |b RHODES |e 20000609 |h 372.1200941 BRI |p 005400013409 |q 005400013409 |t BK |y 0 | ||
| 901 | |a BIBL4-2000-2 | ||
| 909 | |a Ρ |b 080228 | ||
| 922 | |a 4ΕΛΗ |b 200004 |c ΚΠΣ/154 |d GLORY BOOKS | ||
| 970 | |a ΚΟΥΛΑΚΙΟΤΗ |b ΛΙΤΣΑ |z 2000/06/09 | ||